Open Data Biblioteca Nacional de Portugal


República Portuguesa: Ministério da Cultura
Biblioteca Nacional de Portugal

Catálogo da BNP: acesso por Identificadores Unívocos
Registos Bibliográficos associados ao registo de autoridade

Etiqueta de registo: 00000nkm 2200025 450
001 2273847
003 http://id.bnportugal.gov.pt/bib/catbnp/2273847
100 ## $a20260302d1990 m y0pory01030103ba
101 0# $apor
102 ## $aPT
200 1# $a«"»Dança do Leão«"», Macau, [na] 4.ª Festa Internacional dos Jogos 1990, Guarda, 7 de setembro$bVisual gráfico]$fAssociação Jogos Tradicionais. Guarda
210 #9 $aGuarda$cAssociação Jogos Tradicionais. Guarda,$d1990
215 ## $a1 cartaz$ccolor.$d29,8x21,1 cm
317 ## $aColeção Madeira Luís
710 01 $aAssociação de Jogos Tradicionais da Guarda$31988093
711 12 $aFesta Internacional dos Jogos,$d4,$eGuarda,$f1990$31649029
801 #0 $aPT$bBN$gRPC
966 ## $lBN$mICONOG$sCT. 6154 P.$x3
971 ## $cCaticonografia1$d20260302
995 ## $aPRR2026

Etiqueta de registo: 00000nkm 2200025 450
001 2279107
003 http://id.bnportugal.gov.pt/bib/catbnp/2279107
100 ## $a20260311d1990 m y0pory01030103ba
101 0# $apor
102 ## $aPT
200 1# $a4ª. Festa Internacional dos Jogos apresenta O Gozo do Jogo, Guarda, 7-9 setembro 1990$bVisual gráfico]$fAssociação Jogos Tradicionais Guarda
210 #9 $aGuarda$cFesta Internacional dos Jogos,$d1990$eGuarda :$gMarques & Pereira, lda )
215 ## $a1 cartaz$ccolor.$d42x29,6cm
317 ## $aColeção Madeira Luís
710 01 $aAssociação de Jogos Tradicionais da Guarda$31988093
712 12 $aFesta Internacional dos Jogos,$d4,$eGuarda,$f1990$31649029
801 #0 $aPT$bBN$gRPC
966 ## $lBN$mICONOG$sCT. 15993 V.$x3
971 ## $cCaticonografia10$d20260311
995 ## $aPRR2026

Etiqueta de registo: 00000nkm 2200025 450
001 2280715
003 http://id.bnportugal.gov.pt/bib/catbnp/2280715
100 ## $a20260316d1990 m y0pory01030103ba
101 0# $apor
102 ## $aPT
200 1# $a4ª. Festa Internacional dos Jogos 1990, ExposiçãO Distrital de Artesanato, 31 agosto a 9 setembro 1990$bVisual gráfico]$fAssociação Jogos Tradicionais Guarda
210 #9 $aGuarda$cAssociação Jogos Tradicionais Guarda,$d1990
215 ## $a1 cartaz$ccolor.$d42x29,5 cm
317 ## $aColeção Madeira Luís
710 12 $aFesta Internacional dos Jogos,$d4,$eGuarda,$f1990$31649029
712 01 $aAssociação de Jogos Tradicionais da Guarda$31988093
801 #0 $aPT$bBN$gRPC
966 ## $lBN$mICONOG$sCT. 16898 V.$x3
971 ## $cCaticonografia9$d20260316
995 ## $aPRR2026

Etiqueta de registo: 00000nkm 2200025 450
001 2280692
003 http://id.bnportugal.gov.pt/bib/catbnp/2280692
100 ## $a20260316d1990 m y0pory01030103ba
101 0# $apor
102 ## $aPT
200 1# $a4ª. Festa Internacional dos Jogos 1990$bVisual gráfico]$fAssociação Jogos Tradicionais Guarda
210 #9 $aGuarda$cAssociação Jogos Tradicionais Guarda,$d1990$eGuarda :$gCasa Véritas - Editora Lda. )
215 ## $a1 cartaz$ccolor.$d42x30,5 cm
317 ## $aColeção Madeira Luís
710 12 $aFesta Internacional dos Jogos,$d4,$eGuarda,$f1990$31649029
712 01 $aAssociação de Jogos Tradicionais da Guarda$31988093
801 #0 $aPT$bBN$gRPC
966 ## $lBN$mICONOG$sCT. 16893 V.$x3
971 ## $cCaticonografia9$d20260316
995 ## $aPRR2026

Etiqueta de registo: 00000nkm 2200025 450
001 2280674
003 http://id.bnportugal.gov.pt/bib/catbnp/2280674
100 ## $a20260316d1990 m y0pory01030103ba
101 0# $apor
102 ## $aPT
200 1# $a A Festa é na Guarda, Victor Valente, Teatro "Viagem de um homenzinho mala na mão cheia de sonhos e objectos"$bVisual gráfico]$fAssociação Jogos Tradicionais Guarda
210 #9 $aGuarda$cAssociação Jogos Tradicionais Guarda,$d1990
215 ## $a1 cartaz$ccolor.$d42x29,5 cm
317 ## $aColeção Madeira Luís
710 01 $aAssociação de Jogos Tradicionais da Guarda$31988093
801 #0 $aPT$bBN$gRPC
966 ## $lBN$mICONOG$sCT. 16888 V.$x3
971 ## $cCaticonografia9$d20260316
995 ## $aPRR2026

Etiqueta de registo: 00000nkm 2200025 450
001 2280431
003 http://id.bnportugal.gov.pt/bib/catbnp/2280431
100 ## $a20260316d1990 m y0pory01030103ba
101 0# $apor
102 ## $aPT
200 1# $a4.ª Festa Internacional dos Jogos 1990, com Maio Moço e Carlos Paredes, Parque Mundial, Guarda, 1 setembro$bVisual gráfico]$fAssociação Jogos Tradicionais, Guarda
210 #9 $aGuarda$cAssociação Jogos Tradicionais da Guarda,$d1990$eGuarda :$gMarques & Pereira, Lda. )
215 ## $a1 cartaz$ccolor.$d40x30 cm
317 ## $aColeção Madeira Luís
710 12 $aFesta Internacional dos Jogos,$d4,$eGuarda,$f1990$31649029
712 01 $aAssociação de Jogos Tradicionais da Guarda$31988093
801 #0 $aPT$bBN$gRPC
966 ## $lBN$mICONOG$sCT. 16842 V.$x3
971 ## $cCaticonografia7$d20260316
995 ## $aPRR2026

Etiqueta de registo: 00000nkm 2200025 450
001 2281398
003 http://id.bnportugal.gov.pt/bib/catbnp/2281398
100 ## $a20260318d1990 m y0pory01030103ba
101 0# $apor
102 ## $aPT
200 1# $a«4ª» Festa Internacional dos Jogos, exposição de filatelia, Solar Teles de Vasconcelos (Guarda), 2 a 9 de setembro 1990$bVisual gráfico]$fAssociação Jogos Tradicionais, Guarda, Festa Internacional dos Jogos
210 #9 $aGuarda$cAssociação Jogos Tradicionais, Guarda,$d1990
215 ## $a1 cartaz$ccolor.$d42x29,7 cm
317 ## $aColeção Madeira Luís
710 01 $aAssociação de Jogos Tradicionais da Guarda$31988093
711 12 $aFesta Internacional dos Jogos,$d4,$eGuarda,$f1990$31649029
801 #0 $aPT$bBN$gRPC
966 ## $lBN$mICONOG$sCT. 16481 V.$x3
971 ## $cCaticonografia5$d20260318
995 ## $aPRR2026

OpendataBNP@bnportugal.pt | Mais informação sobre acesso aos dados BNP